[Event "EU-ch 16th"]
[Site "Jerusalem"]
[Date "2015.03.05"]
[Round "9"]
[White "Inarkiev, Ernesto"]
[Black "Mchedlishvili, Mikheil"]
[Result "0-1"]
[WhiteElo "2675"]
[BlackElo "2586"]
[Annotator "Szabo,Kr"]
[PlyCount "100"]
[EventDate "2015.02.24"]
[EventType "swiss"]
[EventRounds "11"]
[EventCountry "ISR"]
[SourceTitle "CBM 166"]
[Source "ChessBase"]
[SourceDate "2015.05.11"]
[SourceVersion "1"]
[SourceVersionDate "2015.05.11"]
[SourceQuality "1"]

1. e4 c5 2. Nf3 e6 3. d4 cxd4 4. Nxd4 Nc6 5. Nc3 a6 6. f3 {A quite rare
variation. White would like to play in English Attack style.} Nge7 ({Recently
Grachev chose} 6... Nf6 {against Grischuk,} 7. Nxc6 bxc6 8. e5 Nd5 9. Ne4 Qb6
10. c4 Ne3 11. Qd3 Bb4+ (11... Nf5 $5) 12. Bd2 Nxf1 13. Rxf1 Bxd2+ 14. Qxd2 O-O
15. c5 Qc7 16. f4 $16 {and White has a wonderful position, Grischuk-Grachev,
Moscow rapid 2014.}) (6... Qc7 {is also popular.}) 7. Nb3 $1 $146 {A very
logical novelty by Inarkiev. He doesn't want to allow ...Nxd4 followed by ...
Nc6. Now the e7-N doesn't find the place it was intended for.} (7. Be3 Nxd4 8.
Qxd4 b5 9. Qd2 Nc6 10. Qf2 Qc7 11. O-O-O Be7 12. Bc5 O-O 13. Bxe7 Nxe7 14. Qg3
e5 15. Qg5 d6 16. Qd2 Rd8 {Alvarez Nunez-Leitao, Santiago de Chile 2006, and
Black looks nicely placed.}) 7... b5 8. Be3 d6 (8... Ng6 {was the alternative}
9. Qd2 Be7 10. O-O-O $36 {and White's position looks slightly better.}) 9. Qd2
Bb7 {This wasn't possible immediately, because of Nc5.} 10. O-O-O Nc8 {This N
is the problem in Black's position, now he hopes it will come into play from
b6.} 11. g4 (11. Kb1 $5) 11... Be7 12. f4 O-O 13. g5 Nb6 14. Rg1 {White
continues his straightforward plan.} ({However} 14. Qf2 {was also an
interesting option,} Na4 15. Nxa4 bxa4 16. Nc5 a3 $1 17. Nxb7 Qb8 18. b3 Qxb7
$132 {with a double-edged fight.}) 14... b4 15. Nb1 ({In the event of} 15. Qf2
$5 bxc3 16. Bxb6 cxb2+ 17. Kb1 Qb8 $13 {with a very unclear position.}) 15...
Re8 (15... Qc7 $5 {was also possible.}) 16. Qf2 Nd7 17. N1d2 ({The attempt at
the immediate attack with} 17. f5 $5 Qc7 18. f6 Bf8 {was also leading to a
sharp middlegame.}) 17... a5 18. Kb1 a4 19. Nc1 Qc7 20. Nd3 d5 $1 {The typical
break-through in the centre!} 21. exd5 exd5 22. f5 Bd6 ({Probably} 22... Rac8
$1 {was more accurate} 23. g6 Nce5 {and Black has also some counterplay on the
queenside.}) 23. g6 $1 {Of course! White also has to attack as much as
possible.} hxg6 24. fxg6 fxg6 25. Rxg6 Nce5 26. Rg1 ({The imperturbable
computer suggests} 26. Rxg7+ $5 Kxg7 27. Bh3 $1 Nf6 28. Rg1+ Kf7 29. Bg5 Qe7
30. Rf1 Nxd3 31. cxd3 Ba6 (31... Be5 32. Nf3 $36) 32. Bxf6 Qe3 33. Qxe3 Rxe3
34. Bd4+ {ect. Typical lines by Mr. Houdini!}) 26... Rac8 27. Rc1 Nc5 (27... a3
28. Bd4 $36 {looks more promising for White.}) 28. Nf4 $1 {The strongest move.
White doesn't exchange the N, it will be very useful for the kingside attack.}
Qf7 29. Qh4 (29. Bh3 $5 {was also attractive.}) 29... b3 30. Bh3 bxa2+ $6 {
Black dissolves the tension too early.} (30... Rc6 31. Bd4 {looks also more
comfortable for White, but} Ne4 {and the position is very unclear.}) 31. Ka1
Be7 (31... a3 32. Bd4 $1 {is similar to the game.}) 32. Qf2 (32. Qh5 $1 {
was stronger, for example:} Rc6 33. Rxg7+ $1 Kxg7 34. Rg1+ $18 {and White wins.
}) 32... a3 33. Bd4 Rc6 34. b3 $2 {The most logical reply, but now this is a
mistake.} (34. b4 $3 {What an amazing move!} Ne4 35. Nxe4 dxe4 36. b5 $1 ({
, but not} 36. Bxe5 $4 Bf6 $1 $19 {and suddenly Black wins.}) 36... Rd6 37.
Bxe5 Bf6 38. Bxf6 Qxf6+ 39. c3 $18 {and White wins.}) 34... Bf8 $2 (34... Bf6
$1 {is the correct reply, which transposes to the game.}) 35. Qh4 $2 {Too
early.} ({First} 35. Rcf1 $1 $18 {was important, and Black faces with a lot of
threats.}) 35... Be7 $2 {An error, which allows White's unpleasant reply!} ({
The active} 35... Ne4 $1 $17 {was correct with some pressure on White's
position.}) 36. Qf2 $2 ({After} 36. Qh5 $1 $18 {suddenly White has a decisive
initiative!}) 36... Bf6 $1 {After a repetition of moves, Black found this
strong reply.} 37. Kxa2 (37. Rg3 Ne4 38. Nxe4 dxe4 {and White's position looks
more difficult.}) 37... Ne4 38. Nxe4 dxe4 39. Bf5 Rd6 $2 {Black returns the
compliment!} (39... Nf3 $1 {was the best answer} 40. Bg6 Qf8 $17 {and Black is
better.}) 40. Ba1 $2 {An error is the reply, probably in time trouble.} (40.
Bc5 $1 {was important} Rc6 (40... e3 41. Qxe3 Nf3 42. Bg6 $1 Rxe3 43. Bxf7+
Kxf7 44. Bxe3 Nxg1 45. Rxg1 $14 {and White's chances are better.}) 41. c4 Be7
42. Bxe7 Qxf5 $1 $132 {with a really complicated middlegame.}) 40... e3 $1 {
A very strong intermediate move, White's situation is very difficult.} 41. Qg3
Nc6 $1 {Another strong move! Now Black is threatening ...Nb4...} 42. Nd3 Rxd3
$1 {...and the final tactical blow! The c6-N is ready to move to b4!} 43. cxd3
Bxa1 (43... Nb4+ $1 44. Kxa3 Nxd3 $19 {was faster.}) 44. Rxa1 Qf6 45. Qxg7+
Qxg7 46. Rxg7+ Kxg7 47. Rg1+ Kf6 48. Be4 Nb4+ 49. Kxa3 Bxe4 50. dxe4 Rxe4 {
What a grear struggle!} 0-1

[Event "Olympiad-23"]
[Site "Buenos Aires"]
[Date "1978.10.30"]
[Round "5"]
[White "Szmetan, Jorge"]
[Black "Zapata, Alonso"]
[Result "1/2-1/2"]
[WhiteElo "2420"]
[BlackElo "2355"]
[Annotator "Szmetan,J"]
[PlyCount "134"]
[EventDate "1978.10.25"]
[EventType "team-swiss"]
[EventRounds "14"]
[EventCountry "ARG"]
[SourceTitle "EXT 2000"]
[Source "ChessBase"]
[SourceDate "1999.11.16"]
[SourceVersion "1"]
[SourceVersionDate "1999.11.16"]
[SourceQuality "1"]
[WhiteTeam "Argentina"]
[BlackTeam "Columbia"]
[WhiteTeamCountry "ARG"]
[BlackTeamCountry "COL"]

{Inf.26/(369)} 1. e4 c5 2. Nf3 e6 3. d4 cxd4 4. Nxd4 Nc6 5. Nc3 a6 6. g3 Nge7
7. Nb3 Ng6 8. h4 $5 d6 9. h5 Nge5 10. f4 Nd7 11. Be3 h6 12. Qe2 Qc7 13. O-O-O
b5 14. Bh3 b4 15. Na4 a5 16. e5 $1 dxe5 17. f5 exf5 18. Bxf5 Nf6 19. Bb6 $2 (
19. Nb6 $1 Bxf5 20. Nxa8 Qb7 21. Qa6 $3 $18) 19... Qb7 20. Bxc8 Rxc8 21. Nbc5
Qa8 22. Na6 Qb7 23. N6c5 Qa8 24. Qd3 Be7 25. Nd7 Qb7 26. Ndc5 Qb8 27. Nd7 Qb7
28. Nac5 Bxc5 29. Nxf6+ gxf6 30. Bxc5 $14 Ne7 31. Qd6 Qc7 32. Qxf6 O-O 33. Rh4
Qxc5 34. Rg4+ Ng6 35. Qf5 Qe3+ 36. Kb1 Qe2 37. Rc1 Rc7 38. hxg6 f6 39. Rh4 Qd2
40. b3 Kg7 41. Rch1 Rfc8 42. R4h2 Qg5 43. Qe6 Qxg6 44. Rd1 Rf8 45. Rd5 Qe4 46.
Rhd2 Rff7 47. Rd8 h5 48. Qe8 Kh6 49. R8d3 Kg5 50. Qb5 Ra7 51. Kb2 Rfc7 52. Rd8
Qe3 53. Rg8+ Rg7 54. Rd3 Qe1 55. Qc4 Rac7 56. Qxc7 Rxg8 57. Qxa5 Rc8 58. Qa7
Kh6 59. Qd7 Rg8 60. Qf5 Rg6 61. Rf3 Qd2 62. Rd3 Qg2 63. Re3 Qc6 64. Rf3 Kg7 65.
Rd3 Kh6 66. Rf3 Kg7 67. Rd3 Kh6 1/2-1/2

[Event "Olympiad-23"]
[Site "Buenos Aires"]
[Date "1978.10.28"]
[Round "4"]
[White "Szmetan, Jorge"]
[Black "Langeweg, Kick"]
[Result "1-0"]
[WhiteElo "2420"]
[BlackElo "2445"]
[Annotator "Szmetan,J"]
[PlyCount "67"]
[EventDate "1978.10.25"]
[EventType "team-swiss"]
[EventRounds "14"]
[EventCountry "ARG"]
[SourceTitle "EXT 2002"]
[Source "ChessBase"]
[SourceDate "2001.11.25"]
[SourceVersion "1"]
[SourceVersionDate "2001.11.25"]
[SourceQuality "1"]
[WhiteTeam "Argentina"]
[BlackTeam "Netherlands"]
[WhiteTeamCountry "ARG"]
[BlackTeamCountry "NED"]

{Inf.26/369} 1. e4 c5 2. Nf3 e6 3. d4 cxd4 4. Nxd4 Nc6 5. Nc3 a6 6. g3 Nge7 7.
Nb3 d6 8. Bg2 Bd7 9. O-O Nc8 10. a4 Be7 11. Qe2 O-O 12. Be3 Qc7 (12... b6) 13.
f4 Bf6 (13... b6) 14. a5 N6a7 $6 (14... Nb4 $5) 15. e5 dxe5 16. Ne4 Be7 (16...
Bb5 17. Nxf6+ gxf6 18. Qg4+ Kh8 19. Qh4 $18) 17. fxe5 Qxe5 (17... Bb5 18. Qh5
Bxf1 19. Nf6+ $1 gxf6 20. exf6 Bxf6 21. Be4 Rd8 22. Qxh7+ Kf8 23. Bc5+ Ke8 24.
Qg8+ Kd7 25. Qxf7+ $18) 18. Bd4 Qc7 19. Qh5 $44 f5 (19... f6 20. Ng5 $1 fxg5 (
20... h6 21. Be4 {/\ Qg6+-}) 21. Be4 h6 22. Qg6 $18) 20. Ng5 Bxg5 21. Qxg5 Rf7
$6 (21... Bc6 22. Nc5 $14) 22. Rxf5 $3 Bb5 (22... exf5 23. Bd5 g6 24. Qf6 $18)
23. Rxf7 Qxf7 24. Nc5 Nc6 25. Nxe6 $1 $18 N8e7 26. Nxg7 Qg6 27. Qxg6 hxg6 28.
Bc3 Bc4 29. Re1 Kf7 30. Bh3 Nd5 31. Be6+ Kf8 32. Bxd5 Bxd5 33. Ne6+ Kg8 34. Nc5
1-0

[Event "ASA Masters-Juniors"]
[Site "Tel Aviv"]
[Date "1997.09.14"]
[Round "6"]
[White "Zalkind, Konstantin"]
[Black "Tsesarsky, Ilya"]
[Result "0-1"]
[WhiteElo "2315"]
[BlackElo "2445"]
[Annotator "Tsesarsky,I"]
[PlyCount "60"]
[EventDate "1997.09.??"]
[EventType "team"]
[EventRounds "10"]
[EventCountry "ISR"]
[SourceTitle "CBM 061"]
[Source "ChessBase"]
[SourceDate "1997.11.23"]
[SourceVersion "1"]
[SourceVersionDate "1997.11.23"]
[SourceQuality "1"]

1. e4 c5 2. Nf3 Nc6 3. Bb5 e6 4. Nc3 Nge7 5. d4 cxd4 6. Nxd4 Ng6 7. O-O Be7 8.
Be3 a6 (8... O-O 9. Qd2 (9. Qh5 Nxd4 10. Bxd4 f5 11. e5 a6 12. Be2 b5 13. Qf3
Rb8 14. Qe3 f4 $132 {0-1 Yandemirov Valeri-Sveshnikov Evgeny/Cup Russia (open)
1996 (48)}) 9... a6 10. Be2 Qc7 11. f4 Nxd4 12. Bxd4 b5 13. f5 Ne5 14. f6 gxf6
15. Qh6 Bc5 $2 (15... b4 $1 $17) 16. Bxc5 Qxc5+ 17. Kh1 b4 18. Na4 $2 (18. Rf5
$3 {Mark Tseitlin} Re8 (18... exf5 19. Nd5 {1:0 Tseitlin M - Tsesarsky I ,
blitz ,1994}) 19. Rh5 bxc3 20. Qxf6 d6 21. Rf1 Qa7 22. Rxe5 dxe5 23. Bh5 Re7
24. Rf3 Rd7 25. Bxf7+ Rxf7 26. Qd8+ Kg7 27. Rg3+ Kh6 28. Qg5#) 18... Qxc2 19.
Qxf6 Ng6 20. Bh5 $6 (20. Nb6 Rb8 21. Nxc8 Qxc8 22. Rad1 $44) 20... Bb7 21. Nb6
Bxe4 22. Rf2 Qc5 23. Nxa8 Qxh5 24. Nb6 Ne5 25. Qf4 d5 26. Rd2 h6 $19 {0-1
Tseitlin,M-Tsesarsky,I/ 1994 (56)}) (8... Qc7 9. f4 (9. Kh1 $5 a6 10. Bd3 b5
11. Nxc6 Qxc6 $6 12. f4 Bb7 13. f5 Ne5 14. Qh5 Bf6 15. Bg5 $1 g6 $1 16. Qh4
Bxg5 17. Qxg5 $14 {1-0 Yudasin,L-Milov,V/Haifa 1995 (78)}) 9... a6 10. Bxc6
bxc6 $2 (10... dxc6 $1 11. f5 exf5 12. exf5 Ne5 $11) 11. Qh5 $16 {1-0 Sutovsky,
E-Tsesarsky,I/Rishon-Le-Zion 1997 (37)}) 9. Be2 (9. Bd3 Qc7 10. Nxc6 bxc6 11.
f4 d5 12. Qh5 O-O 13. Kh1 f5 14. exf5 exf5 15. Rae1 Bd6 16. Qg5 Qf7 17. Bd4 c5
18. Be5 Be7 19. Qg3 Bh4 20. Qh3 Bxe1 $17 {Line Berkovich,M-Tsesarsky,I/ 1993 
(37) rapid}) 9... Qc7 10. f4 b5 11. Nxc6 Qxc6 12. a3 (12. f5 $5 Ne5 13. Bd4 Bc5
14. Kh1 d6 $132) 12... Bb7 (12... d6 13. Bf3 Bb7 (13... O-O 14. e5 d5 15. Nxd5
$18) 14. f5 Ne5 15. fxe6 fxe6 16. Bh5+ g6 17. Bg4 Nxg4 18. Qxg4 Qc4 19. Rad1
$16) 13. Bd4 Bc5 14. Kh1 f6 $5 15. Bh5 Bxd4 16. Qxd4 O-O 17. Qd2 (17. Rad1 $6
Nxf4 $1 18. Rxf4 e5 19. Nd5 exd4 20. Ne7+ Kh8 21. Nxc6 dxc6 22. Rxd4 Rad8 $17)
17... Rfd8 18. Rad1 a5 $1 19. f5 Ne5 (19... Nf8 $5 20. e5 $5 b4 21. Bf3 bxc3 $1
(21... Qc8 $2 22. Ne4 $1 exf5 (22... Qc7 23. exf6 exf5 24. Nd6 Bxf3 25. f7+ Kh8
26. Rxf3 $18) 23. Nd6 $18) 22. Bxc6 cxd2 23. Bxb7 Rab8 24. Bf3 Rxb2 25. exf6
gxf6 26. Rxd2 Rc8 27. Be4 Rc3 $15) 20. fxe6 Qxe6 21. Nxb5 Bxe4 (21... Nc4 22.
Qc3 Bxe4 23. Nd4 (23. Nc7 Qc6 $17) 23... Qa6 24. Be2 Rac8 25. Qg3 Qb6 26. Bxc4+
Rxc4 27. c3 a4 $15) 22. Nc7 Qh3 $1 23. Nxa8 Qxh5 (23... Bxa8 24. Qe2 Rc8 (24...
Rb8 25. b3) (24... Bxg2+ 25. Qxg2 Qxh5 26. Qd5+ $16) 25. Rf2 $16) 24. Nb6 d5
$44 25. Qf4 Rd6 (25... Rb8 26. Nxd5 $18) (25... Qe2 26. Qf2 Qb5 27. c4 Nxc4 28.
Nxc4 Qxc4 29. Rc1 Qb5 (29... Qa6 30. Rc7 Qd6 $2 (30... d4 $5 31. Rd1 f5 (31...
d3 32. Qg3 Bg6 33. Rxg7+ Kxg7 34. Qc7+ Kh6 35. Qxd8 $16) 32. Qg3 Qf6 33. b3 d3
$132) 31. Qa7 $18) 30. Rc7 Rb8 31. Rfc1 $14) 26. Nc8 $2 (26. Na4 $142 Bxc2 $1 (
26... Qg6 27. Rd2 Bxc2 28. Nc5 Rd8 29. b3 h6 (29... Bd3 30. Nxd3 Nxd3 31. Qc7
$18) 30. Re1 Kh7 31. Qd4 $16) 27. Rd2 (27. Rd4 Bb3 28. Nc5 Bc4 29. Rfd1 Rb6 30.
Na4 Rb3 $132) 27... Bb3 28. Rc1 Bc4 29. Qg3 d4 30. b3 Be6 31. Nc5 (31. Rc7 Qh6
32. Rd1 d3 33. Nc5 Bg4 $17) 31... Bd5 32. Kg1 Bc6 $132) 26... Re6 $1 $17 {
[%csl Rc8]} 27. b3 (27. Rfe1 Nc4 (27... Qe8 28. Nd6 Bxg2+ 29. Kxg2 Rxd6 30. Rd2
Qh5 $44) 28. Qc7 (28. b3 Ne3 $1 $17) 28... Qg4 29. Qd8+ Kf7 30. Qc7+ Kg6 31.
Rg1 Nxb2 32. Rb1 Nc4 33. Qc5 (33. Ne7+ Rxe7 34. Qxe7 Ne3 $19) 33... Kh6 34.
Rbf1 Qh3 35. Ne7 Ne3 $19) 27... Qe8 (27... Qe2 28. Qf2 Qa6 29. Qc5 $1 $11) 28.
Na7 $2 (28. c4 $8 Qxc8 29. cxd5 Ng6 30. Qg4 (30. Qd2 Rd6 31. Qxa5 Qh3 32. Rf2
Qxb3 $19) 30... f5 (30... Re8 $5 31. Qxc8 Rxc8 32. d6 Ne5 (32... Nh4 $2 33. Rf4
Bxg2+ 34. Kg1 Bf3 35. Rdd4 Rc1+ 36. Kf2 Rc2+ 37. Kg3 g5 38. d7 gxf4+ 39. Kxf4
Ng6+ 40. Kg3 Rc3 41. d8=Q+ $18) 33. Rfe1 Bf5 $15) 31. Qg3 Re8 (31... Re7 32. d6
Rd7 33. Rc1 Qb7 34. Rc7 Qa6 35. Rd1 f4 36. Qc3 Bxg2+ (36... Qe2 37. Qc4+ $16)
37. Kg1 Qe2 38. Qc4+ Qxc4 39. bxc4 Bh3 40. c5 Rxc7 41. dxc7 Ne7 42. Rd8+ Kf7
43. Ra8 Bc8 44. Rxa5 Ke6 $17) 32. d6 Qd7 33. Rd2 Ne5 34. Rfd1 Re6 35. Qc3 Nc6
36. Qg3 h6 $17) 28... Ra6 $19 29. Qf2 Ng4 30. Qe2 $6 (30. Qc5 Qb8 $1 (30... Ne3
31. Rde1 Nxf1 (31... Bxg2+ 32. Kg1 $14) 32. Rxf1 Qd7 (32... Qa8 33. Nc8) 33.
Nc8 $15) 31. Qc8+ $8 Qxc8 32. Nxc8 Ne3 33. Rde1 Nxf1 34. Rxf1 Kf7 35. Rc1 (35.
c4 dxc4 $19) 35... Bf5 $19) 30... Qh5 0-1

[Event "Kottnauer Memorial"]
[Site "Prague"]
[Date "1996.??.??"]
[Round "6"]
[White "Hort, Vlastimil"]
[Black "Andersson, Ulf"]
[Result "0-1"]
[WhiteElo "2550"]
[BlackElo "2630"]
[Annotator "Tsesarsky,I"]
[PlyCount "62"]
[EventDate "1996.06.??"]
[EventType "tourn"]
[EventRounds "10"]
[EventCountry "CSR"]
[EventCategory "12"]
[SourceTitle "CBM 054"]
[Source "ChessBase"]
[SourceDate "1996.10.01"]
[SourceVersion "1"]
[SourceVersionDate "1996.10.01"]
[SourceQuality "1"]

1. e4 c5 2. Nf3 e6 3. Nc3 Nc6 4. d4 cxd4 5. Nxd4 a6 6. Be3 Nf6 7. a3 Be7 (7...
Qc7 8. f4 (8. Be2 Be7 9. O-O O-O 10. f4 d6 11. Nb3 b5 12. Bf3 Rb8 13. Qd2 Rd8
14. Ne2 Bb7 15. Ng3 Rbc8 16. Rac1 a5 17. Qf2 Nd7 18. Rfd1 $132 {Lalovic,
S-Markovic,M/Nis op/1993/1:0/65/}) (8. f3 b5 9. Qd2 Bb7 10. Bd3 Na5 11. O-O Nc4
12. Bxc4 Qxc4 13. a4 b4 14. Na2 e5 15. Nf5 d5 16. Bg5 Rd8 17. Rfd1 a5 18. c3 b3
19. Nc1 Rd7 20. Bxf6 gxf6 21. Kh1 Bc5 $15) 8... d6 9. Qf3 e5 10. Nxc6 bxc6 11.
fxe5 Ng4 12. exd6 Bxd6 13. g3 Nxe3 14. Qxe3 Be6 15. Bg2 Rb8 16. O-O-O O-O $44 {
Shianovsky,V-Taimanov,M/Erevan(URS-ch)/1962/0:1/31/}) (7... d6 8. Be2 Be7 9.
O-O O-O 10. f3 Bd7 11. Bf2 e5 12. Nb3 Be6 13. Nc1 b5 14. Nd3 Rc8 15. Re1 Qd7
16. f4 Bg4 17. fxe5 dxe5 18. Nd5 Bxe2 19. Nxe7+ Nxe7 20. Qxe2 Nc6 21. Rad1 Qc7
22. c3 $10) (7... d5 $5 8. exd5 Nxd5 (8... exd5 9. Be2 Be7 10. O-O O-O $10 11.
Bf3 Ne5) 9. Nxc6 bxc6 10. Bd4 c5 11. Be5 Bb7 12. Qg4 h5 13. Qa4+ Qd7 14. Qxd7+
Kxd7 15. O-O-O f6 $10) 8. f4 d6 9. Bd3 (9. Qf3 O-O 10. Bd3 (10. O-O-O $5 Nxd4 (
10... e5 11. Nf5 Bxf5 12. exf5 exf4 13. Bxf4 $16) 11. Rxd4 Bd7 12. e5 Bc6 13.
Qh3 Nd5 14. Bd3 g6 (14... h6 15. Nxd5 Bxd5 16. Qg3 Kh8 $10) 15. Nxd5 Bxd5 $10)
10... Qc7 11. O-O Rb8 12. Rae1 Nxd4 13. Bxd4 e5 14. Bf2 b5 15. Bh4 b4 16. axb4
Rxb4 17. Bxf6 Bxf6 18. Nd5 Qc5+ 19. Kh1 Rxb2 20. Nxf6+ $36) 9... e5 10. Nde2
exf4 11. Nxf4 O-O 12. h3 Ne5 13. O-O Bd7 14. Qe1 Bc6 15. Bd4 (15. Qg3 $5) (15.
Rd1) 15... b5 (15... Qc7 16. Qg3 Rfe8 17. Ncd5 Bxd5 18. Nxd5 Nxd5 19. exd5 $14)
(15... Re8 16. Qf2 Rc8 17. Rad1 Nfd7 18. Ncd5 Bh4 19. g3 Bf6 20. Bc3 b5 $13)
16. Rd1 Qb8 17. Kh1 (17. Ncd5 $5 Nxd5 (17... Qb7 $5 18. Nxe7+ Qxe7 19. Nd5 Bxd5
(19... Qd8 20. Bb6 $16) (19... Nxd5 20. exd5 Bxd5 21. Bxh7+ Kxh7 22. Bxe5 Qxe5
23. Qxe5 dxe5 24. Rxd5 Rac8 25. c3 f6 26. Rfd1 $14) 20. exd5 Rfe8 $10) 18. exd5
Bb7 19. Qe4 Nxd3 20. Rxd3 $36) 17... Qb7 18. Ncd5 Rae8 19. Qg3 (19. Nxe7+ $6
Rxe7) 19... Bxd5 $8 20. exd5 (20. Nxd5 Nh5 21. Qf2 Nf6 22. Bxe5 $6 (22. Ne3
Nxe4 $15 23. Qf5 $4 Ng3+ $19) (22. Nxe7+ Rxe7 23. Qf5 Nfd7 $10) 22... dxe5 23.
Qf5 Nxd5 24. exd5 g6 25. Qxe5 Bxa3 (25... Bc5 $2 26. Qf6 Qxd5 27. Bxg6 $18) 26.
Qf6 Be7 $10) 20... Bd8 21. Bc3 (21. Bf5 $5) 21... g6 $1 22. Rfe1 Nfd7 (22...
Nxd3 $5 23. Qxd3 Nd7 24. Qf3 Ne5 $10) 23. Bf5 Bf6 (23... Nf6) 24. Ne2 $2 (24.
Rf1 Bg7 25. Bxd7 Qxd7 26. Rde1 $132) (24. Re2 Nb6 25. Rde1 Bg7 26. Bb4 Nbc4 27.
Bd3 Nxd3 28. cxd3 Rxe2 29. Rxe2 Nxb2 30. Bxd6 Rc8 31. Bb4 $10) 24... Nc5 $1 $15
25. Nd4 (25. b4 Na4 26. Bd4 Bg7 27. Bd3 (27. Be4 f5 28. Bf3 Qc7 29. Nf4 Nxf3
30. Rxe8 Rxe8 (30... Nxd4 $2 31. Rxf8+ Kxf8 32. Rxd4 $18) 31. Bxg7 Qxg7 32.
Qxf3 Qc3 $17) 27... Qxd5 28. c4 bxc4 29. Bc2 Qc6 $17) 25... Na4 26. Be4 (26.
Ne2 Nxc3 27. Nxc3 Nc4 28. b3 Be5 $19) 26... Nxc3 27. bxc3 (27. Qxc3 Nc4 (27...
Bg7 28. g3 f5 29. Bg2 Nc4 (29... f4 30. gxf4 (30. Ne6 $2 f3 31. Nxf8 (31. Bf1
f2 {[%csl Re1,Re6]} 32. Rxe5 Bxe5 $19) 31... fxg2+ $17) 30... Rxf4 31. Qg3 $10)
30. Re6 Rc8 $1 $17) 28. a4 Bg7 (28... Bh4 $6 29. Re2 f5 30. Bf3 Rxe2 31. Bxe2
Bf6 32. axb5 axb5 33. b3 $14) 29. axb5 axb5 30. Qb3 Qb6 31. Qxb5 Qxb5 32. Nxb5
Nxb2 $15) 27... Qb6 28. Ra1 (28. Nf5 Kh8) (28. a4 Qd8 29. axb5 Bh4 30. Qe3 Bxe1
31. Rxe1 axb5 $17) 28... Qc5 29. Nb3 (29. a4 b4 30. Nb3 Qxc3 31. Re3 Qc7 $17)
29... Qc4 30. a4 (30. Nd2 Qa4 31. Reb1 Bg7 32. Rb4 Qa5 33. Nb3 Qc7 $15) 30...
Nd7 31. Qxd6 (31. Bd3 Qxd5 32. axb5 axb5 33. Rad1 Bxc3 $19) 31... Bxc3 (31...
Rxe4 32. Rxe4 Qxe4 33. Qxd7 Qxc2 34. Rf1 Bxc3 35. Nc5 Qe2 $19) (31... Bxc3 32.
Bd3 (32. Qxd7 Bxa1 33. Rxa1 Rxe4) 32... Bxa1 $1 (32... Qb4 $2 33. Qxb4 Rxe1+
34. Rxe1 Bxb4 35. Re4 bxa4 36. Rxb4 axb3 37. Rxb3 $14) (32... Qc8 $2 33. Rxe8
Rxe8 34. Rf1 Ne5 (34... bxa4 35. Bxa6 Qd8 36. Nc5 $10) 35. axb5 Nxd3 36. cxd3
axb5 $15) 33. Rxa1 (33. Bxc4 Rxe1+ 34. Kh2 Be5+ $19) 33... Qc8 34. axb5 Ne5 35.
bxa6 Nxd3 36. cxd3 Qc3 37. Ra3 Qxd3 38. a7 Ra8 39. Qc5 Rfc8 40. Qd4 Rc1+ 41.
Kh2 Rd1 $19) 0-1

[Event "YUG-ch 56th"]
[Site "Herceg Novi"]
[Date "2001.04.05"]
[Round "12"]
[White "Todorovic, Goran M"]
[Black "Ivanisevic, Ivan"]
[Result "1-0"]
[WhiteElo "2485"]
[BlackElo "2560"]
[Annotator "Wells,P"]
[PlyCount "53"]
[EventDate "2001.03.23"]
[EventType "tourn"]
[EventRounds "15"]
[EventCountry "YUG"]
[EventCategory "10"]
[SourceTitle "CBM 083"]
[Source "ChessBase"]
[SourceDate "2001.07.05"]
[SourceVersion "1"]
[SourceVersionDate "2001.07.05"]
[SourceQuality "1"]

1. e4 {Atlas,V} c5 2. Nf3 e6 3. d4 cxd4 4. Nxd4 Nc6 5. Nc3 a6 6. Nxc6 bxc6 7.
Bd3 d5 8. O-O Nf6 9. Re1 Bb7 10. Bg5 h6 11. Bd2 Qc7 12. Qe2 Be7 13. b3 Nd7 14.
Qh5 Nf6 15. Qh3 Bd6 16. Rad1 Be5 17. Na4 h5 18. exd5 cxd5 19. Ba5 $1 Bxh2+ $2 {
[%csl Re8] Greedy!} ({After} 19... Qxa5 20. Rxe5 {the key question is still to
find a home for black's king. The pawn on h5 does him no favours.}) (19... Qd6
20. Nb6 Rb8 {looks the best chance, although white enjoys good attacking
prospects after} 21. Bf5 $1 (21. Bg6 $5 Ng4 $1 $13)) 20. Qxh2 Qxa5 21. Qd6 {
[%csl Yd6][%cal Ye1e6,Yd3g6,Gd6f8] Black's defenders were too easily deflected,
and his king faces a hopeless future.} Nd7 $8 22. Bg6 $1 O-O-O (22... fxg6 23.
Rxe6+ Kd8 24. Nb6 Qxb6 25. Qe7+ Kc8 26. Rxb6 Nxb6 27. Qc5+ $18) 23. Re3 $1 {
Atlas,V: 'This energetic continuation spells a quick end for Black.'} (23. Bxf7
$5) 23... fxg6 ({A futile attempt to save the black king after} 23... Ba8 {
(Atlas,V) is easily refuted by} 24. Rc3+ Kb7 25. b4) 24. Rc3+ Qxc3 25. Nxc3
Rhe8 26. Na4 {and back again. The queen on d6 has been shockingly unassailable.
} e5 27. c4 1-0